Úvod do kmitání mechanických soustav s vnitřními rázy /

Gespeichert in:
Bibliographische Detailangaben
1. Verfasser: Peterka, František (Verfasst von)
Format: Buch
Sprache:Tschechisch
Veröffentlicht: Praha : Academia, 1981
Ausgabe:1.vyd.
Schlagworte:
Online-Zugang:OBSAH
Tags: Tag hinzufügen
Keine Tags, Fügen Sie das erste Tag hinzu!

MARC

LEADER 00000nam a22000003a 4500
001 stu40403
005 20150617225722.4
008 930503s1981----cs------------------cze-d
040 |a STU  |b slo 
041 0 |a cze 
044 |a cs 
080 |a 531.1 
080 |a 62-26  |7 stu_us_auth*stu2222 
100 1 |a Peterka, František  |4 aut 
245 1 |a Úvod do kmitání mechanických soustav s vnitřními rázy /  |c [aut.]František Peterka 
250 |a 1.vyd. 
260 |a Praha :  |b Academia,  |c 1981 
300 |a 269 s 
650 7 |a stroje  |2 stusub 
650 7 |a kmity vnútorné  |2 stusub 
650 7 |a štúdie vedecké  |2 stusub 
856 4 |a https://sweb.mtf.stuba.sk/obsahy/uvod_do_kmitani_mechanickych_soustav_s_vnitrnimi_razy_81  |u https://sweb.mtf.stuba.sk/obsahy/uvod_do_kmitani_mechanickych_soustav_s_vnitrnimi_razy_81  |3 OBSAH 
996 |b 284M034588  |c M*849-1  |l MMST  |s A  |a 24  |w stu40403_0001 
996 |b 284M045176  |c M*849-2  |l MMKN  |s A  |a 24  |w stu40403_0002 
996 |b 284M045175  |c M*849-3  |l MMKN  |s A  |a 24  |w stu40403_0003 
996 |b 284M045174  |c M*849-4  |l MMKN  |s A  |a 24  |w stu40403_0004 
996 |b 284M045177  |c M*849-5  |l MMKN  |s A  |a 24  |w stu40403_0005 
996 |b 284M045178  |c M*849-6  |l MMKN  |s A  |a 24  |w stu40403_0006